Návrh na zdokonalenie marketingových procesov s cieľom zlepšenia vzťahov s odberateľmi v priemyselnom podniku
Guardado en:
| Autor principal: | |
|---|---|
| Otros Autores: | |
| Formato: | Manuscrito Libro |
| Lenguaje: | inglés |
| Publicado: |
Trnava :
STU v Bratislave MTF UPMK,
2013
|
| Materias: | |
| Acceso en línea: | VAIS |
| Etiquetas: |
Sin Etiquetas, Sea el primero en etiquetar este registro!
|
MARC
| LEADER | 00000ntm a22000003a 4500 | ||
|---|---|---|---|
| 001 | stu269749 | ||
| 005 | 20150617230246.6 | ||
| 008 | 130703s2013----xo------------------eng-d | ||
| 040 | |a STU |b slo | ||
| 041 | 0 | |a eng | |
| 044 | |a xo | ||
| 100 | 1 | |a Uher, Ondrej, |d 1991- |4 aut |u M |T MTF Materiálovotechnologická fakulta |X 44716 |U M |Y 60 |7 A000044716 | |
| 242 | 0 | 0 | |a The proposal for improving marketing processes aimed to improve relations with customers in industrial company |y eng |
| 245 | 1 | |a Návrh na zdokonalenie marketingových procesov s cieľom zlepšenia vzťahov s odberateľmi v priemyselnom podniku | |
| 260 | |a Trnava : |b STU v Bratislave MTF UPMK, |c 2013 | ||
| 650 | 7 | |a priemyselné manažérstvo |2 stusub | |
| 650 | 7 | |a Industrial Management |2 estusub | |
| 650 | 7 | |a marketing |2 estusub | |
| 650 | 7 | |a odberatelia |2 stusub | |
| 650 | 7 | |a procesný prístup |2 stusub | |
| 700 | 1 | |a Šalgovičová, Jarmila, |d 1950- |4 ths |u M4000 |U MTF Materiálovotechnologická fakulta |T MTF Ústav priemyselného inžinierstva a manažmentu |X 1492 |U M4000 |Y 84 |7 A000001492 | |
| 856 | 4 | |a info a plný text |u http://is.stuba.sk/zp/portal_zp.pl?podrobnosti=84824 |3 VAIS | |
| 996 | |c M*BP-6540 |l MMSKP |s P |a 0 |w stu269749_0001 | ||